The competitive advantage of nations / (Record no. 96054)

MARC details
000 -LEADER
fixed length control field 00688nam a2200241 a 4500
008 - FIXED-LENGTH DATA ELEMENTS--GENERAL INFORMATION
fixed length control field
020 ## - INTERNATIONAL STANDARD BOOK NUMBER
International Standard Book Number 0333518047 :
Terms of availability �25.00
049 ## - LOCAL HOLDINGS (OCLC)
Holding library MAIN
090 ## - LOCALLY ASSIGNED LC-TYPE CALL NUMBER (OCLC); LOCAL CALL NUMBER (RLIN)
Classification number (OCLC) (R) ; Classification number, CALL (RLIN) (NR) HF1414
Local cutter number (OCLC) ; Book number/undivided call number, CALL (RLIN) POR
003 - CONTROL NUMBER IDENTIFIER
control field
005 - DATE AND TIME OF LATEST TRANSACTION
control field 20240524120905.0
040 ## - CATALOGING SOURCE
Transcribing agency NUST
100 1# - MAIN ENTRY--PERSONAL NAME
Personal name Porter, Michael E.
245 14 - TITLE STATEMENT
Title The competitive advantage of nations /
Statement of responsibility, etc. Michael E. Porter.
260 ## - PUBLICATION, DISTRIBUTION, ETC.
Place of publication, distribution, etc. London :
Name of publisher, distributor, etc. Macmillan,
Date of publication, distribution, etc. 1990.
300 ## - PHYSICAL DESCRIPTION
Extent xx, 855 p. :
Other physical details ill. ;
Dimensions 24 cm.
504 ## - BIBLIOGRAPHY, ETC. NOTE
Bibliography, etc. note Includes bibliographical references.
500 ## - GENERAL NOTE
General note Includes index.
650 ## - SUBJECT ADDED ENTRY--TOPICAL TERM
Topical term or geographic name entry element Industries.
650 ## - SUBJECT ADDED ENTRY--TOPICAL TERM
Topical term or geographic name entry element Competition.
907 ## - LOCAL DATA ELEMENT G, LDG (RLIN)
a .b10051041
b 07-05-12
c 17-04-03
942 ## - ADDED ENTRY ELEMENTS (KOHA)
Koha item type Ordinary Loan Books
Call number prefix HF1414
Call number suffix POR
Koha issues (borrowed), all copies 1
Holdings
Date last seen Total Checkouts Full call number Barcode Date last checked out Cost, replacement price Price effective from Koha item type Lost status Source of classification or shelving scheme Damaged status Not for loan Collection Withdrawn status Home library Current library Shelving location Date acquired Cost, normal purchase price
06/25/2024 9 HF1414 POR 92003000207 05/24/2024 80.00 01/20/2023 BOOKS   LCC     NFIC   GSB GSB GEN 01/20/2023 80.00